Statistics for Countries With Most Public Holidays

Click here to take the quiz!

General Stats

  • This quiz has been taken 14 times
  • The average score is 6 of 11

Answer Stats

DaysAnswer% Correct
17China
93%
21India
79%
17Thailand
64%
25Sri Lanka
57%
18Philippines
57%
16Pakistan
57%
28Cambodia
50%
16Turkey
50%
21Kazakhstan
21%
18Colombia
14%
18Trinidad and Tobago
7%

Score Distribution

Percentile by Number Answered

Percent of People with Each Score

Your Score History

You have not taken this quiz